Countries Without an Airport - Statistics

General Stats
  • This quiz has been taken 29 times
  • The average score is 4 of 5
Answer Stats
Hint Answer % Correct
4 Vatican City
96%
2 Andorra
88%
5 Monaco
80%
1 San Marino
76%
3 Liechtenstein
72%
No matching quizzes found
Score Distribution
Percent of People with Each Score
Percentile by Number Answered
Your Score History
You have not taken this quiz